<?xml version="1.0" encoding="UTF-8"?>
<record
    xmlns:xsi="http://www.w3.org/2001/XMLSchema-instance"
    xsi:schemaLocation="http://www.loc.gov/MARC21/slim http://www.loc.gov/standards/marcxml/schema/MARC21slim.xsd"
    xmlns="http://www.loc.gov/MARC21/slim">

  <leader>01328nam2a2200265   4500</leader>
  <controlfield tag="001">RU\NLR\BIBL_A\010298451</controlfield>
  <controlfield tag="005">20250614031508.0</controlfield>
  <datafield tag="021" ind1=" " ind2=" ">
    <subfield code="a">RU</subfield>
    <subfield code="b">2014-5809</subfield>
    <subfield code="9">360</subfield>
  </datafield>
  <datafield tag="035" ind1=" " ind2=" ">
    <subfield code="a">(NLR Aleph) 010298451</subfield>
  </datafield>
  <datafield tag="090" ind1=" " ind2=" ">
    <subfield code="a">10581050</subfield>
    <subfield code="c">10581050</subfield>
  </datafield>
  <datafield tag="100" ind1=" " ind2=" ">
    <subfield code="a">20121029d2014    |||y0rusy50      ca</subfield>
  </datafield>
  <datafield tag="101" ind1="1" ind2=" ">
    <subfield code="a">rus</subfield>
    <subfield code="c">heb</subfield>
  </datafield>
  <datafield tag="102" ind1=" " ind2=" ">
    <subfield code="a">RU</subfield>
  </datafield>
  <datafield tag="105" ind1=" " ind2=" ">
    <subfield code="a">y|||z   001yy</subfield>
  </datafield>
  <datafield tag="200" ind1="1" ind2=" ">
    <subfield code="a">&#x411;&#x435;&#x440;&#x435;&#x448;&#x438;&#x442; &#x440;&#x430;&#x431;&#x430;</subfield>
    <subfield code="e">[&#x432; 2 &#x442;.</subfield>
    <subfield code="f">&#x43F;&#x43E;&#x434;&#x433;&#x43E;&#x442;. &#x418;&#x43D;-&#x442;&#x43E;&#x43C; &#x43F;&#x435;&#x440;. &#x435;&#x432;&#x440;. &#x442;&#x435;&#x43A;&#x441;&#x442;&#x43E;&#x432;]</subfield>
  </datafield>
  <datafield tag="210" ind1=" " ind2=" ">
    <subfield code="d">2014</subfield>
    <subfield code="a">&#x411;. &#x43C;.</subfield>
  </datafield>
  <datafield tag="215" ind1=" " ind2=" ">
    <subfield code="a">876, [2] &#x441;.</subfield>
  </datafield>
  <datafield tag="300" ind1=" " ind2=" ">
    <subfield code="a">&#x412; &#x43A;&#x43E;&#x43D;&#x446;&#x435; &#x43A;&#x43D;. &#x432; &#x43C;&#x430;&#x43A;&#x435;&#x442;&#x435; &#x43F;&#x43E;&#x434;&#x437;&#x430;&#x433;.: &#x432; 8 &#x442;.</subfield>
  </datafield>
  <datafield tag="320" ind1=" " ind2=" ">
    <subfield code="a">&#x411;&#x438;&#x431;&#x43B;&#x438;&#x43E;&#x433;&#x440;.: &#x441;. 787-790 &#x438; &#x432; &#x43F;&#x43E;&#x434;&#x441;&#x442;&#x440;&#x43E;&#x447;. &#x43F;&#x440;&#x438;&#x43C;&#x435;&#x447;.</subfield>
  </datafield>
  <datafield tag="320" ind1=" " ind2=" ">
    <subfield code="a">&#x411;&#x438;&#x431;&#x43B;&#x438;&#x43E;&#x433;&#x440;. &#x443;&#x43A;&#x430;&#x437;. &#x432; &#x43A;&#x43E;&#x43D;&#x446;&#x435; &#x43A;&#x43D;.</subfield>
  </datafield>
  <datafield tag="461" ind1=" " ind2="0">
    <subfield code="1">001RU\NLR\bibl\1960952</subfield>
    <subfield code="1">2000#$a&#x41C;&#x438;&#x434;&#x440;&#x430;&#x448; &#x440;&#x430;&#x431;&#x430;$e(&#x432;&#x435;&#x43B;&#x438;&#x43A;&#x438;&#x439; &#x43C;&#x438;&#x434;&#x440;&#x430;&#x448;)$e[&#x432; 10 &#x442;.]$f&#x418;&#x43D;-&#x442; &#x43F;&#x435;&#x440;&#x435;&#x432;&#x43E;&#x434;&#x430; &#x435;&#x432;&#x440;. &#x442;&#x435;&#x43A;&#x441;&#x442;&#x43E;&#x432;$g&#x43F;&#x435;&#x440;. &#x441; &#x438;&#x432;&#x440;&#x438;&#x442;&#x430; &#x42F;&#x430;&#x43A;&#x43E;&#x432;&#x430; &#x421;&#x438;&#x43D;&#x438;&#x447;&#x43A;&#x438;&#x43D;&#x430;, &#x410;&#x43D;&#x43D;&#x44B; &#x427;&#x43B;&#x435;&#x43D;&#x43E;&#x432;&#x43E;&#x439;$g&#x43F;&#x43E;&#x434; &#x440;&#x435;&#x434;., [&#x43A;&#x43E;&#x43C;&#x43C;&#x435;&#x43D;&#x442;.] &#x420;&#x435;&#x443;&#x432;&#x435;&#x43D;&#x430; &#x41A;&#x438;&#x43F;&#x435;&#x440;&#x432;&#x430;&#x441;&#x441;&#x435;&#x440;&#x430;$v&#x422;. 2</subfield>
    <subfield code="9">3681451</subfield>
    <subfield code="c">&#x41C;&#x43E;&#x441;&#x43A;&#x432;&#x430;</subfield>
    <subfield code="d">2012</subfield>
    <subfield code="f">&#x418;&#x43D;-&#x442; &#x43F;&#x435;&#x440;&#x435;&#x432;&#x43E;&#x434;&#x430; &#x435;&#x432;&#x440;. &#x442;&#x435;&#x43A;&#x441;&#x442;&#x43E;&#x432;</subfield>
    <subfield code="n">&#x41B;&#x435;&#x445;&#x430;&#x438;&#x43C;</subfield>
    <subfield code="o">(&#x432;&#x435;&#x43B;&#x438;&#x43A;&#x438;&#x439; &#x43C;&#x438;&#x434;&#x440;&#x430;&#x448;) : [&#x432; 10 &#x442;.]</subfield>
    <subfield code="t">&#x41C;&#x438;&#x434;&#x440;&#x430;&#x448; &#x440;&#x430;&#x431;&#x430;</subfield>
    <subfield code="v">&#x422;. 2</subfield>
  </datafield>
  <datafield tag="942" ind1=" " ind2=" ">
    <subfield code="c">BOOK</subfield>
  </datafield>
  <datafield tag="980" ind1=" " ind2=" ">
    <subfield code="a">NB</subfield>
  </datafield>
  <datafield tag="995" ind1=" " ind2=" ">
    <subfield code="5">2014-03-26</subfield>
    <subfield code="a">ad</subfield>
    <subfield code="b">NLR01</subfield>
    <subfield code="c">NLR01</subfield>
    <subfield code="e">RF8</subfield>
    <subfield code="f">1-419969</subfield>
    <subfield code="k">2012-5/8109</subfield>
    <subfield code="o">0</subfield>
    <subfield code="p">0.00</subfield>
    <subfield code="r">BOOK</subfield>
    <subfield code="s">201258109_</subfield>
  </datafield>
  <datafield tag="995" ind1=" " ind2=" ">
    <subfield code="5">2014-03-26</subfield>
    <subfield code="a">ad</subfield>
    <subfield code="b">NLR01</subfield>
    <subfield code="c">NLR01</subfield>
    <subfield code="e">RF8</subfield>
    <subfield code="f">1-419970</subfield>
    <subfield code="k">2012-5/8109</subfield>
    <subfield code="o">0</subfield>
    <subfield code="p">0.00</subfield>
    <subfield code="r">BOOK</subfield>
    <subfield code="s">201258109_</subfield>
  </datafield>
</record>
